Whatsapp and everyday life in West Africa: beyond fake news (Record no. 1226925)

MARC details
000 -LEADER
fixed length control field 00659nam a2200217Ia 4500
005 - DATE AND TIME OF LATEST TRANSACTION
control field 20241129110009.0
008 - FIXED-LENGTH DATA ELEMENTS--GENERAL INFORMATION
fixed length control field 241129s9999||||xx |||||||||||||| ||und||
020 ## - INTERNATIONAL STANDARD BOOK NUMBER
International Standard Book Number 978-1-350-25787-0
037 ## - SOURCE OF ACQUISITION
Stock number TB
040 ## - CATALOGING SOURCE
Original cataloging agency ARTS
Language of cataloging eng
Transcribing agency ARTS
041 ## - LANGUAGE CODE
Language code of text/sound track or separate title eng
Source of code eng
084 ## - COLON CLASSIFICATION NUMBER
Classification number D65,8(B):715 R2
Assigning agency ARTS
100 ## - MAIN ENTRY--PERSONAL NAME
Personal name Hassan Idayat Ed.; Hitchen Jamie Ed.
9 (RLIN) 726792
245 #0 - TITLE STATEMENT
Title Whatsapp and everyday life in West Africa: beyond fake news
Statement of responsibility, etc. Hassan Idayat Ed.; Hitchen Jamie Ed.
260 ## - PUBLICATION, DISTRIBUTION, ETC.
Place of publication, distribution, etc. UK
Name of publisher, distributor, etc. Zed
Date of publication, distribution, etc. 2022
300 ## - PHYSICAL DESCRIPTION
Extent vi,198p.
365 ## - TRADE PRICE
Price type code UKP
Price amount 21.99
650 ## - SUBJECT ADDED ENTRY--TOPICAL TERM
Topical term or geographic name entry element Computer Science
942 ## - ADDED ENTRY ELEMENTS (KOHA)
Koha item type Textbook
Classification part D65,8(B):715 R2
Holdings
Withdrawn status Lost status Damaged status Not for loan Home library Current library Date acquired Source of acquisition Cost, normal purchase price Inventory number Total Checkouts Full call number Barcode Date last seen Price effective from Koha item type
        Arts Library Arts Library 2024-11-29 Efficient Book Distributors 21.99 9280 & 05/12/2023   D65,8(B):715 R2 AL1667958 2024-11-29 2024-11-29 Textbook
Copyright @ Delhi University Library System